Economics management planning (Record no. 501289)

000 -LEADER
fixed length control field 00364cam a22001217a 4500
008 - FIXED-LENGTH DATA ELEMENTS--GENERAL INFORMATION
fixed length control field 180718b1966 xxu||||| |||| 00| 0 eng d
082 ## - DEWEY DECIMAL CLASSIFICATION NUMBER
Classification number T19x47 Y35
100 ## - MAIN ENTRY--PERSONAL NAME
Personal name Yefimov, Anotoli
245 ## - TITLE STATEMENT
Title Economics management planning
Statement of responsibility, etc. by Anotoli Yefimov and Alexander Anchishkin
260 ## - PUBLICATION, DISTRIBUTION, ETC.
Place of publication, distribution, etc. Moscow
Name of publisher, distributor, etc. Novosti Press
Date of publication, distribution, etc. 1966
300 ## - PHYSICAL DESCRIPTION
Extent 196p.
700 ## - ADDED ENTRY--PERSONAL NAME
Personal name Anchishkin, Alexander
Holdings
Withdrawn status Lost status Damaged status Not for loan Permanent Location Current Location Date acquired Full call number Barcode Date last seen Price effective from Koha item type
        Indian Institute of Public Administration Indian Institute of Public Administration 2018-08-04 T19x47 Y35 GR8089 2018-08-04 2018-08-04 GR

Powered by Koha